000 00788nam a22002655i 4500
001 11729
003 ES-MaACL
005 20250811131952.0
007 t|
008 960131s1995 sp ||||0| spa j
020 _a84-08-01409-9
040 _aM-BN
_bspa
_cM-BN
080 _a929 Mussolini, Benito :32
080 _a32:929 Mussolini, Benito
100 1 _aArias, Juan.
_922751
245 1 3 _aLa caída de Mussolini /
_cJuan Arias.
250 _a1ª ed.
260 _aBarcelona :
_bPlaneta,
_c1995.
300 _a299 p ;
_c21 cm.
490 1 _aMemoria de la historia ;
_v2.
_aSiglo XX
600 1 4 _aMussolini, Benito,
_d1883-1945
_984705
830 0 _aMemoria de la historia ;
_v2.
_aSiglo XX
_9228211
852 _aES-MaACL
_jL-19060
_bR.124783
999 _c11729
_d11729